| 000 | 00540nam a2200181Ia 4500 | ||
|---|---|---|---|
| 008 | 240925s9999 xx 000 0 und d | ||
| 020 | _a9780070702103 | ||
| 082 | _a004.35 HAW | ||
| 100 | _aHwang, Kai | ||
| 245 | 0 | _aAdvanced Computer Architecture: Parallelism, Scalability, Programmability | |
| 250 | _a2nd | ||
| 260 |
_aNew York: _bTata Mc-Graw -Hill _c,2011. |
||
| 300 |
_axx,747p. _bNA _fOriginal |
||
| 500 | _aIncludes Index | ||
| 600 | _aComputer Science | ||
| 650 | _aComputer science, information & general works | ||
| 942 | _cBK | ||
| 999 |
_c12234 _d12234 |
||